| Поле | Название | Значение |
| |
Тип записи |
a |
| |
Библиографический уровень |
m |
| 001 |
Контрольный номер |
RU/SLIB/B/208763117 |
| 005 |
Дата корректировки |
20201206204226.5 |
| 010 |
Индекс ISBN |
__ |
| a |
ISBN |
5-8192-0107-8 |
| d |
Цена |
186-00 |
| 101 |
Язык документа |
__ |
| a |
Язык текста |
rus |
| 200 |
Заглавие и сведения об ответственности |
1_ |
| a |
Заглавие |
А. Тарковский - А. Твардовский |
| e |
Сведения, относящиеся к заглавию |
(советский период) : библиогр. указ. |
| b |
Общее обозначение материала |
Текст |
| 210 |
Выходные данные |
__ |
| a |
Место издания |
СПб. |
| c |
Издательство |
[б. и.] |
| d |
Дата издания |
2002 |
| 215 |
Физическое описание |
__ |
| a |
Объем |
608 с. |
| 330 |
Аннотация |
__ |
| a |
Аннотация |
Включает сведения о трех поэтах: Арс. Тарковском, Л. Татьяничевой, А. Твардовской. |
| 461 |
Уровень набора |
__ |
| 1 |
|
2001 |
| a |
|
Русские писатели. Поэты |
| v |
|
Т. 25 |
| 517 |
Другие варианты заглавия |
__ |
| a |
Другие варианты заглавия |
Поэты (советский период) |
| 600 |
Персоналии |
__ |
| a |
Персоналии (Фамилия) |
Тарковский, А. А. |
| g |
Полное имя |
Арсений Александрович |
| 600 |
Персоналии |
__ |
| a |
Персоналии (Фамилия) |
Татьяничева, Л. |
| 600 |
Персоналии |
__ |
| a |
Персоналии (Фамилия) |
Твардовский, А. Т. |
| 606 |
Тематические рубрики |
__ |
| a |
Основная рубрика |
Литература универсального содержания |
| z |
Хронологическая подрубрика |
20 в. |
| y |
Географическая подрубрика |
Россия; РФ; Российская Федерация |
| 606 |
Тематические рубрики |
__ |
| a |
Основная рубрика |
Библиографические пособия |
| 606 |
Тематические рубрики |
__ |
| a |
Основная рубрика |
Литературоведение |
| 606 |
Тематические рубрики |
__ |
| a |
Основная рубрика |
Русская литература XX в. |
| 610 |
Ключевые слова |
__ |
| a |
Ключевые слова |
поэты; библиография; персоналии; советская поэзия; советская литература |
| 686 |
Индексы других классификаций |
__ |
| a |
Классификационный индекс |
91.9:83 |
| 686 |
Индексы других классификаций |
__ |
| a |
Классификационный индекс |
83.3(2Рос=Рус)6я1 ; ст91.9:83 + ст83.3(2Рос=Рус)6я1 |
| 801 |
Источник записи |
_0 |
| a |
Страна |
RU |
| b |
Организация |
Муниципальное бюджетное учреждение культуры "Централизованная библиотечная система" г. Сургут (Центральная городская библиотека им. А. С. Пушкина) |
| g |
Правила каталогизации |
КиК/Гришунина |
| 801 |
Источник записи |
_1 |
| a |
Страна |
RU |
| b |
Организация |
Муниципальное бюджетное учреждение культуры "Централизованная библиотечная система" г. Сургут (Центральная городская библиотека им. А. С. Пушкина) |
| g |
Правила каталогизации |
КиК/Гришунина |
| 852 |
Данные о местонахождении |
__ |
| j |
Шифр хранения |
91.9:83 |
| i |
Авторский знак |
Р 89 |
| p |
Инвентарный номер |
04010636; 04010637 |
| 901 |
Тип документа |
__ |
| t |
Тип документа |
m |
| 903 |
Характеристики (МАРС) |
__ |
| a |
Дата передачи |
20031222 |
| 969 |
Тип издания |
__ |
| a |
Тип издания |
библиографический указатель |
| 990 |
Данные о заказе (DOS) |
__ |
| j |
Количество экземпляров (DOS) |
2 |
| t |
N записи в КСУ для И/У (DOS) |
200401 |